The Christian warfare: (Record no. 5864)

000 -LEADER
fixed length control field 00647nam a2200193 a 4500
001 - CONTROL NUMBER
control field :::00003606$&:&@@
003 - CONTROL NUMBER IDENTIFIER
control field OkBaRHE
005 - DATE AND TIME OF LATEST TRANSACTION
control field 20000607103308.0
008 - FIXED-LENGTH DATA ELEMENTS--GENERAL INFORMATION
fixed length control field s1987 j 000 0 eng u
040 ## - CATALOGING SOURCE
Transcribing agency
100 1# - MAIN ENTRY--PERSONAL NAME
Personal name Lloyd-Jones, David Martyn.
245 14 - TITLE STATEMENT
Title The Christian warfare:
Remainder of title an exposition of Ephesians 6:10 to 13.
260 ## - PUBLICATION, DISTRIBUTION, ETC. (IMPRINT)
Place of publication, distribution, etc Grand Rapids, MI., :
Name of publisher, distributor, etc Baker Book House
Date of publication, distribution, etc 1987
300 ## - PHYSICAL DESCRIPTION
Extent 373 p. ;
Dimensions 22 cm.
650 ## - SUBJECT ADDED ENTRY--TOPICAL TERM
Topical term or geographic name as entry element Bible New Testament Ephesians 6:10-13
General subdivision Sermons
650 ## - SUBJECT ADDED ENTRY--TOPICAL TERM
Topical term or geographic name as entry element Sermons, English
942 ## - ADDED ENTRY ELEMENTS (KOHA)
Source of classification or shelving scheme
Koha item type Books
Copies
Damaged status Source of classification or shelving scheme Withdrawn status Date last seen Lost status Price effective from Shelving location Permanent Location Koha item type Barcode Full call number Copy number Date acquired Not for loan
   2018-04-03 2010-04-14General StacksRHEMA Bible Training CollegeBooks3606BS 2695.4 .L5212010-04-14